| 000 | 00658 a2200181 4500 | ||
|---|---|---|---|
| 999 |
_c8280 _d8280 |
||
| 020 | _a9780669209969 | ||
| 050 | 0 | 0 | _aPC2135 DAN 1990 |
| 100 | 1 | _aDansereau, Diane M. | |
| 245 | 1 | 0 |
_aSavoir dire : _bcours de phontÌŒique et de prononciation / _cDiane M. Dansereau. |
| 264 |
_aMassachusetts: _bD. C. Heath and Company, _c1990 |
||
| 300 |
_aix, 240 p. : _bill. ; |
||
| 500 | _aIncludes index | ||
| 504 | _aIncludes bibliographical references (p. 235-238) and index. | ||
| 650 | 0 |
_aFrench language _xPhonetics. |
|
| 650 | 0 |
_aFrench language _xPronunciation. |
|
| 650 | 0 |
_aFrench language _xTextbooks for foreign speakers _xEnglish. |
|
| 942 |
_2lcc _cBK _h2135 _iDAN _kPC |
||